000 00459nam a2200157 i 4500
001 95452
003 ES-MaACL
005 20230906181716.0
007 t|
008 050530s1964 sp ||||1| spa d
100 1 _aLlabrés Mut, Rafael.
_972636
245 1 0 _aDe grumete a contramaestre /
_cRafael Llabrés Mut.
260 _aCiudadela :
_b[s.n.],
_c1964 (
_fImp. Altés)
300 _a124 p., 21 lám. pleg. ;
_c22 cm.
852 _aES-MaACL
_jC-29591
_bR.56190
999 _c95452
_d95452